| 000 | 00679cab a2200217 4500 | ||
|---|---|---|---|
| 001 | ABS39900 | ||
| 008 | 090401t1988 xxu||||| |||| 00| 0 eng d | ||
| 035 | _a(Sirsi) u19910 | ||
| 041 | _aeng | ||
| 100 | _aWeatheritt, L. | ||
| 245 | _aCity analysis | ||
| 260 | _c1988 | ||
| 350 | _a0 | ||
| 490 |
_aWorld Property _vOctober 1988, 49-52(4) |
||
| 520 | _aAnalysis of the property market and development trends in Ontario , Montreal , Vancouver , Edmonton and Calgary . Recordsthe level of construction output, vacancy rates and floorspaceavailability. | ||
| 650 | _aCANADA | ||
| 650 | _aCONSTRUCTION INDUSTRY | ||
| 690 | _aOVERSEAS | ||
| 942 | _n0 | ||
| 948 | _c04/03/1997 | ||
| 999 |
_c13344 _d13344 |
||